Best-Selling Beers in the World - Statistics

General Stats
  • This quiz has been taken 218 times
  • The average score is 4 of 10
Answer Stats
Country of Origin Beer % Correct
Netherlands Heineken
85%
USA Budweiser
77%
USA Coors Light
57%
USA Bud Light
56%
China Tsingtao
40%
Brazil Brahma
13%
Brazil Skol
8%
China Snow
8%
China Harbin
5%
China Yanjing
3%
No matching quizzes found
Score Distribution
Percent of People with Each Score
Percentile by Number Answered
Your Score History
You have not taken this quiz